NLSUI OPAC header image

The Transfer of Property Act, 1882 / (Record no. 15101)

MARC details
000 -LEADER
fixed length control field 01329cam a2200433 a 4500
001 - CONTROL NUMBER
control field 12580192
005 - DATE AND TIME OF LATEST TRANSACTION
control field 20260413075140.0
008 - FIXED-LENGTH DATA ELEMENTS--GENERAL INFORMATION
fixed length control field 011005s2000 ii l 001 0 eng
010 ## - LIBRARY OF CONGRESS CONTROL NUMBER
LC control number 2001417653
020 ## - INTERNATIONAL STANDARD BOOK NUMBER
International Standard Book Number 8187162171
020 ## - INTERNATIONAL STANDARD BOOK NUMBER
International Standard Book Number 9788187162179
025 ## - OVERSEAS ACQUISITION NUMBER
Overseas acquisition number I-E-2001-417653; 74-13; 77-13
035 ## - SYSTEM CONTROL NUMBER
System control number 12580192
035 ## - SYSTEM CONTROL NUMBER
System control number (DLC) 200141765
037 ## - SOURCE OF ACQUISITION
Source of stock number/acquisition Library of Congress -- New Delhi Overseas Office
Terms of availability Rs1095.00
040 ## - CATALOGING SOURCE
Original cataloging agency DLC
Transcribing agency DLC
Modifying agency DLC
042 ## - AUTHENTICATION CODE
Authentication code lcode
043 ## - GEOGRAPHIC AREA CODE
Geographic area code a-ii---
082 ## - DEWEY DECIMAL CLASSIFICATION NUMBER
Classification number 346.0436 MUL
100 1# - MAIN ENTRY--PERSONAL NAME
Personal name Mulla, D.F.
245 14 - TITLE STATEMENT
Title The Transfer of Property Act, 1882 /
Statement of responsibility, etc. D.F. Mulla and Solil Paul
250 ## - EDITION STATEMENT
Edition statement 9th ed.
260 ## - PUBLICATION, DISTRIBUTION, ETC.
Place of publication, distribution, etc. New Delhi :
Name of publisher, distributor, etc. Butterworths India,
Date of publication, distribution, etc. 2000.
300 ## - PHYSICAL DESCRIPTION
Extent clxxviii, 1426 p. ;
Dimensions 24 cm.
365 ## - TRADE PRICE
Price amount Rs. 1095
500 ## - GENERAL NOTE
General note Includes index.
650 #0 - SUBJECT ADDED ENTRY--TOPICAL TERM
Topical term or geographic name entry element Property
Geographic subdivision India.
650 #0 - SUBJECT ADDED ENTRY--TOPICAL TERM
Topical term or geographic name entry element Transfer (Law)
Geographic subdivision India.
650 #0 - SUBJECT ADDED ENTRY--TOPICAL TERM
Topical term or geographic name entry element Sales
Geographic subdivision India.
650 #0 - SUBJECT ADDED ENTRY--TOPICAL TERM
Topical term or geographic name entry element Mortgages
Geographic subdivision India.
650 #0 - SUBJECT ADDED ENTRY--TOPICAL TERM
Topical term or geographic name entry element Leases
Geographic subdivision India.
650 #0 - SUBJECT ADDED ENTRY--TOPICAL TERM
Topical term or geographic name entry element Choses in action
Geographic subdivision India.
700 1# - ADDED ENTRY--PERSONAL NAME
Personal name Paul, Solil
710 1# - ADDED ENTRY--CORPORATE NAME
Corporate name or jurisdiction name as entry element India.
Title of a work Transfer of Property Act, 1882.
Date of a work 2000.
906 ## - LOCAL DATA ELEMENT F, LDF (RLIN)
a 7
b cbc
c origode
d 2
e ncip
f 20
g y-gencatlg
942 ## - ADDED ENTRY ELEMENTS (KOHA)
Source of classification or shelving scheme Dewey Decimal Classification
Koha item type BOOKs
Holdings
Withdrawn status Lost status Damaged status Not for loan Home library Current library Shelving location Date acquired Cost, normal purchase price Total Checkouts Full call number Barcode Date last seen Price effective from Koha item type
        . .   30.05.2017 1095.00   346.0436 MUL-1 15126 14.06.2024 30.05.2017 BOOKs
        . . Old Edition Books Section 30.05.2017 1095.00   346.0436 MUL-2 15127 30.05.2017 30.05.2017 BOOKs
        . . Library Compactors 30.05.2017 1095.00   346.0436 MUL-3 15128 14.06.2024 30.05.2017 BOOKs
        . .   30.05.2017 1095.00   346.0436 MUL-4 15129 14.06.2024 30.05.2017 BOOKs